Giải pháp phát triển đội nhũ giáo viên trường trung học phổ thông tỉnh Savannakhet nước CHDCND Lào

Cơ sở lý luận của việc phát triển đội ngũ giáo viên trường trung học phổ thông; Thực trạng phát triển đội ngũ giáo viên trường Trung học phổ thông tỉnh Savannakhet; Các giải pháp phát triển đội ngũ giáo viên trường Trung học phổ thông tỉnh Savannakhet, Cộng hòa Dân chủ Nhân dân Lào.......

Mô tả đầy đủ

Đã lưu trong:
Chi tiết về thư mục
Tác giả chính: Keooudone Sitthixon
Tác giả khác: Trần Xuân Bách T.S (Hướng dẫn)
Định dạng: Sách
Được phát hành: Đà Nẵng Đại học Đà Nẵng 2012
Những chủ đề:
Các nhãn: Thêm thẻ
Không có thẻ, Là người đầu tiên thẻ bản ghi này!
Thư viện lưu trữ: Mạng thư viện Đại học Đà Nẵng
LEADER 01792nam a2200313 4500
001 000017801
003 14227
005 20130830100847.0
008 130606s2012 sd
082 |a 373.1201  |b KE-S 
100 |a Keooudone Sitthixon 
245 |a Giải pháp phát triển đội nhũ giáo viên trường trung học phổ thông tỉnh Savannakhet nước CHDCND Lào  |c Keooudone Sitthixon ; Trần Xuân Bách hướng dẫn.  |k Luận văn Thạc sĩ 
260 |a Đà Nẵng  |b Đại học Đà Nẵng  |c 2012 
300 |a 103 tr., phụ lục 6 tr.  |c 29 cm.  |e CD + tóm tắt 
500 |a Luận văn thạc sĩ Giáo dục học. Chuyên ngành: Quản lý giáo dục. Mã số: 60.14.05. 
520 |a Cơ sở lý luận của việc phát triển đội ngũ giáo viên trường trung học phổ thông; Thực trạng phát triển đội ngũ giáo viên trường Trung học phổ thông tỉnh Savannakhet; Các giải pháp phát triển đội ngũ giáo viên trường Trung học phổ thông tỉnh Savannakhet, Cộng hòa Dân chủ Nhân dân Lào.... 
650 0 4 |a Giáo dục trung học  |v Luận văn tốt nghiệp  |x Giáo viên  |z Lào 
653 |a Quản lý giáo dục.  |a Giáo viên  |a Giáo dục trung học 
700 |a Trần Xuân Bách  |c T.S  |e Hướng dẫn 
OWN |a LSP 
AVA |a UDN50  |b LSP  |d 373.1201 KE-S  |e available  |t Error 5001 Not defined in file expand_doc_bib_avail.  |f 1  |g 0  |h N  |i 0  |k 1 
999 |a From the UDN01 
AVA |a UDN50  |b LSP  |d 373.1201 KE-S  |e available  |t Error 5001 Not defined in file expand_doc_bib_avail.  |f 1  |g 0  |h N  |i 0  |k 1 
TYP |a Monograph 
TYP |a Printed language 
980 |a Mạng thư viện Đại học Đà Nẵng